Do export promotion agencies increase exports /
Guardado en:
| Hovedforfatter: | |
|---|---|
| Andre forfattere: | , |
| Format: | Texto |
| Tags: |
Tilføj Tag
Ingen Tags, Vær først til at tagge denne postø!
|
MARC
| LEADER | 00000 a a2200000 04500 | ||
|---|---|---|---|
| 001 | 48243 | ||
| 003 | |||
| 040 | |||
| 100 | |a Hayakawa, Kazunobu | ||
| 245 | |a Do export promotion agencies increase exports / |c Kazunobu Hayakawa, Hyun-Hoon Lee, Donghyun Park | ||
| 700 | |a Lee, Hyun-Hoon | ||
| 700 | |a Park, Donghyun | ||
| 773 | |g volumen52, número3, (2014), páginas 241-261 : tablas | ||
| 999 | |c 33455 |d 33455 | ||
